| 000 | 00982nam a22002415a 4500 | ||
|---|---|---|---|
| 003 | OSt | ||
| 005 | 20170129123727.0 | ||
| 008 | 160922s2005 ua frb 000 0 ara d | ||
| 015 | _299 / 18575 | ||
| 020 | _a9789770427438 | ||
| 040 |
_aEG-ScBUE _bara _cEG-ScBUE _dEG-ScBUE |
||
| 082 | 0 | 4 |
_a341.35 _bع م ر _222 |
| 100 | 1 | _aعمر، حسين حنفي. | |
| 245 | 1 | 0 |
_aدعوى الحماية الدبلوماسية لرعايا الدولة في الخارج : _bنظرية الحماية الدبلوماسية الواجبة - وامعتصماه / _cحسين حنفي عمر. |
| 260 |
_aالقاهرة : _bدار النهضة العربية، _c2005. |
||
| 300 |
_a309 ص. ؛ _c24 سم. |
||
| 504 | _aيشتمل على إرجاعات ببليوجرافية. | ||
| 650 | 7 |
_aالدبلوماسية (قانون دولي) _2BUEsh |
|
| 650 | 7 |
_aالحصانة الدبلوماسية (قانون دولي) _2BUEsh |
|
| 651 | _2BUEsh | ||
| 653 |
_bLLAAWW _cJanuary2017 |
||
| 942 | _2ddc | ||
| 999 |
_c24017 _d23989 |
||